10 największych miast w każdym województwie w Polsce na mapie - Statystyki

Ogólne statystyki
  • Ten quiz został rozwiązany 8 425 razy
  • Średni wynik to 75 z 160
Odpowiedzi na mapie
Odpowiedzi zakodowano w zielono-czerwonej skali na mapie do tego quizu, zgodnie z poniższymi procentami.
 
Statystyki odpowiedzi
# Województwo Populacja Miasto % Poprawnych
1. Mazowieckie 1 861 599 Warszawa
91%
1. Pomorskie 487 834 Gdańsk
90%
2. Pomorskie 240 554 Gdynia
90%
1. Małopolskie 806 201 Kraków
88%
1. Zachodniopomorskie 387 700 Szczecin
88%
1. Dolnośląskie 674 079 Wrocław
87%
1. Śląskie 279 190 Katowice
86%
1. Wielkopolskie 536 818 Poznań
86%
1. Podlaskie 291 688 Białystok
85%
1. Lubelskie 329 565 Lublin
85%
1. Łódzkie 658 444 Łódź
84%
1. Kujawsko-Pomorskie 328 370 Bydgoszcz
82%
1. Podkarpackie 196 638 Rzeszów
82%
2. Kujawsko-Pomorskie 195 263 Toruń
82%
1. Opolskie 126 077 Opole
81%
1. Warmińsko-Mazurskie 167 311 Olsztyn
80%
1. Lubuskie 139 132 Zielona Góra
80%
1. Świętokrzyskie 183 885 Kielce
79%
2. Mazowieckie 196 005 Radom
79%
2. Śląskie 205 969 Częstochowa
78%
2. Lubuskie 115 847 Gorzów Wielkopolski
77%
5. Zachodniopomorskie 38 728 Świnoujście
75%
4. Zachodniopomorskie 43 364 Kołobrzeg
74%
2. Podlaskie 68 231 Suwałki
74%
2. Warmińsko-Mazurskie 112 923 Elbląg
73%
2. Zachodniopomorskie 105 143 Koszalin
72%
4. Śląskie 169 915 Gliwice
71%
3. Mazowieckie 111 190 Płock
69%
5. Śląskie 165 766 Bielsko-Biała
68%
2. Małopolskie 103 129 Tarnów
68%
3. Śląskie 187 115 Sosnowiec
67%
6. Śląskie 153 838 Zabrze
66%
3. Warmińsko-Mazurskie 59 759 Ełk
65%
3. Dolnośląskie 93 040 Legnica
64%
5. Dolnośląskie 68 407 Lubin
64%
3. Podkarpackie 59 779 Przemyśl
64%
3. Pomorskie 85 135 Słupsk
64%
4. Dolnośląskie 75 794 Jelenia Góra
63%
3. Małopolskie 80 358 Nowy Sącz
63%
2. Dolnośląskie 101 857 Wałbrzych
63%
7. Śląskie 147 759 Bytom
62%
2. Wielkopolskie 92 533 Kalisz
62%
5. Mazowieckie 65 461 Pruszków
62%
2. Lubelskie 58 231 Zamość
62%
5. Wielkopolskie 66 606 Konin
61%
3. Lubelskie 57 214 Chełm
60%
3. Wielkopolskie 69 748 Piła
60%
3. Kujawsko-Pomorskie 101 450 Włocławek
60%
6. Wielkopolskie 63 143 Gniezno
58%
2. Łódzkie 67 264 Piotrków Trybunalski
58%
5. Kujawsko-Pomorskie 67 745 Inowrocław
57%
3. Podlaskie 59 711 Łomża
57%
4. Lubelskie 54 453 Biała Podlaska
56%
6. Małopolskie 33 065 Nowy Targ
56%
10. Śląskie 122 045 Tychy
56%
4. Kujawsko-Pomorskie 89 081 Grudziądz
55%
6. Podkarpackie 45 944 Krosno
55%
10. Pomorskie 36 573 Malbork
54%
4. Mazowieckie 75 297 Siedlce
54%
3. Zachodniopomorskie 66 272 Stargard
54%
8. Śląskie 130 887 Rybnik
53%
5. Świętokrzyskie 21 586 Sandomierz
53%
6. Pomorskie 45 734 Wejherowo
53%
5. Podkarpackie 46 360 Tarnobrzeg
52%
9. Małopolskie 27 845 Wieliczka
52%
7. Wielkopolskie 59 840 Leszno
51%
2. Podkarpackie 60 075 Mielec
49%
4. Podlaskie 28 995 Augustów
48%
2. Opolskie 54 387 Kędzierzyn-Koźle
48%
9. Śląskie 130 302 Ruda Śląska
48%
4. Pomorskie 56 676 Tczew
48%
6. Łódzkie 52 851 Bełchatów
47%
8. Mazowieckie 48 229 Ostrołęka
47%
4. Małopolskie 35 577 Oświęcim
46%
7. Mazowieckie 51 971 Piaseczno
46%
5. Pomorskie 53 585 Rumia
46%
9. Podkarpackie 36 999 Sanok
46%
6. Dolnośląskie 62 886 Głogów
45%
6. Mazowieckie 52 630 Legionowo
45%
2. Świętokrzyskie 62 980 Ostrowiec Świętokrzyski
44%
3. Łódzkie 61 353 Pabianice
44%
7. Łódzkie 45 560 Skierniewice
44%
4. Podkarpackie 59 623 Stalowa Wola
44%
5. Łódzkie 54 012 Zgierz
44%
3. Opolskie 40 685 Nysa
43%
5. Lubelskie 43 860 Puławy
43%
7. Zachodniopomorskie 30 549 Police
42%
4. Łódzkie 58 089 Tomaszów Mazowiecki
41%
4. Wielkopolskie 68 949 Ostrów Wielkopolski
40%
7. Pomorskie 45 184 Starogard Gdański
40%
6. Zachodniopomorskie 37 421 Szczecinek
40%
7. Podkarpackie 45 189 Dębica
39%
4. Warmińsko-Mazurskie 32 188 Iława
39%
8. Małopolskie 28 441 Bochnia
38%
8. Pomorskie 38 508 Chojnice
38%
10. Podkarpackie 34 542 Jasło
38%
6. Warmińsko-Mazurskie 27 310 Giżycko
37%
8. Łódzkie 43 417 Radomsko
37%
4. Opolskie 33 403 Brzeg
36%
9. Łódzkie 41 231 Kutno
36%
8. Podkarpackie 37 073 Jarosław
35%
4. Świętokrzyskie 41 793 Skarżysko-Kamienna
35%
3. Świętokrzyskie 44 992 Starachowice
35%
7. Dolnośląskie 53 423 Świdnica
35%
9. Mazowieckie 45 365 Marki
34%
6. Lubelskie 36 680 Świdnik
34%
10. Mazowieckie 45 347 Ząbki
34%
8. Podlaskie 18 976 Hajnówka
33%
10. Warmińsko-Mazurskie 20 533 Mrągowo
33%
10. Łódzkie 39 158 Sieradz
33%
4. Lubuskie 35 033 Żary
33%
10. Dolnośląskie 33 153 Oława
32%
8. Dolnośląskie 37 293 Bolesławiec
31%
5. Opolskie 22 033 Kluczbork
30%
3. Lubuskie 36 183 Nowa Sól
30%
7. Małopolskie 32 261 Olkusz
30%
6. Lubuskie 20 921 Świebodzin
30%
10. Małopolskie 25 523 Gorlice
29%
9. Dolnośląskie 35 346 Oleśnica
29%
5. Warmińsko-Mazurskie 31 336 Ostróda
29%
9. Lubuskie 16 236 Słubice
29%
5. Małopolskie 33 928 Chrzanów
28%
9. Pomorskie 36 731 Kwidzyn
27%
8. Zachodniopomorskie 23 422 Wałcz
27%
9. Wielkopolskie 31 759 Września
27%
5. Lubuskie 23 596 Żagań
27%
5. Podlaskie 23 823 Bielsk Podlaski
26%
7. Lubuskie 17 626 Kostrzyn nad Odrą
26%
9. Warmińsko-Mazurskie 21 314 Bartoszyce
25%
9. Lubelskie 24 769 Biłgoraj
25%
10. Zachodniopomorskie 21 370 Goleniów
25%
8. Świętokrzyskie 14 308 Jędrzejów
25%
7. Lubelskie 31 296 Kraśnik
25%
8. Opolskie 16 818 Namysłów
25%
6. Świętokrzyskie 17 629 Końskie
24%
7. Opolskie 16 975 Strzelce Opolskie
24%
7. Świętokrzyskie 14 588 Busko-Zdrój
23%
8. Kujawsko-Pomorskie 18 228 Chełmno
23%
7. Warmińsko-Mazurskie 25 113 Kętrzyn
23%
7. Kujawsko-Pomorskie 24 896 Świecie
23%
8. Warmińsko-Mazurskie 21 878 Szczytno
22%
7. Podlaskie 20 848 Zambrów
22%
6. Podlaskie 20 899 Grajewo
21%
10. Lubelskie 19 734 Lubartów
21%
8. Lubelskie 27 159 Łuków
21%
9. Kujawsko-Pomorskie 17 062 Nakło nad Notecią
21%
6. Opolskie 18 974 Prudnik
21%
9. Podlaskie 17 087 Sokółka
21%
9. Zachodniopomorskie 22 300 Białogard
20%
6. Kujawsko-Pomorskie 28 370 Brodnica
20%
8. Wielkopolskie 32 849 Luboń
20%
10. Lubuskie 15 684 Gubin
19%
8. Lubuskie 16 924 Międzyrzecz
19%
10. Opolskie 12 621 Głuchołazy
18%
9. Opolskie 15 282 Krapkowice
18%
10. Wielkopolskie 28 060 Krotoszyn
17%
9. Świętokrzyskie 13 758 Staszów
17%
10. Świętokrzyskie 9 843 Pińczów
16%
10. Kujawsko-Pomorskie 15 466 Rypin
16%
10. Podlaskie 14 436 Łapy
13%
Nie znaleziono quizów pasujących do podanych kryteriów
Rozkład punktacji
Procent ludzi z każdym wynikiem
Percentyl według liczby udzielonych odpowiedzi
Twoja historia wyników
Nie rozwiązałeś tego quizu